|
|
|
|
| LEADER |
00000nss a2200000 a 4500 |
| 001 |
29702-1 |
| 005 |
20230308222942.0 |
| 008 |
011051| ||||||||r|||||||||||spa|| |
| 040 |
|
|
|b spa
|
| 041 |
1 |
|
|a spa
|
| 082 |
0 |
|
|a 617.605
|
| 245 |
|
|
|a Problemática de la reconstrucción de dientes posteriores ante la presencia de fracturas
|c Elena Cappellini
|h imp
|
| 264 |
|
|
|a Caracas
|b Actualidades Médico Odontológicas latinoamérica
|c 1996/1997
|
| 300 |
|
|
|a pp 63-74
|b ilu
|c 28 cm
|
| 310 |
|
|
|a Bimestral
|
| 362 |
|
|
|a Año 12 - N° 1 - 1996/1997
|
| 504 |
|
|
|a incl. ref.
|
| 520 |
3 |
|
|a Para reducir al mínimo los riesgos de fractura, toda reconstrucción conservadora necesia el análisis preliminar de las estructuras dentarias residuales, con el fin de evaluar la resistencia a las cargas funcionales
|
| 650 |
|
|
|a Reconstrucción de dientes
|9 307744
|
| 650 |
|
|
|a Fracturas dentales
|9 167227
|
| 650 |
|
|
|a Estructuras dentarias
|9 307745
|
| 700 |
|
|
|a Cappellini, Elena
|9 307746
|
| 700 |
|
|
|a Lorenzini, Guido
|9 307747
|
| 700 |
|
|
|a Nanni, Fabrizio
|9 307748
|
| 700 |
|
|
|a Bartolomei, Umberto
|9 307749
|
| 710 |
|
|
|a Journal de Clínica en Odontología
|9 280857
|
| 773 |
|
|
|t Journal de Clínica en Odontología
|
| 852 |
|
|
|a UC-SALUD
|c ESTANTERIA ABIERTA
|f Compra
|k luis.contrerase
|l 1
|m General
|p 20110518
|q $ 1
|r 1
|t 29702-1
|b 0
|d CDRS
|e CDRS
|g 617.605 ESTANTERIA ABIERTA
|z 2011-10-51
|
| 942 |
|
|
|c SER
|
| 999 |
|
|
|c 142663
|d 142663
|